• 首页
  • 本馆介绍
  • 公告通知
  • 最新文献
  • 馆藏检索
  • 电子资源
  • 读者导购
  • 参考咨询
  • 我的图书馆
  • 登录
  • 详细信息显示
  • 放入我的书架
  • 预约/预借图书
  • 作者相关作品
  • 分类相关作品
  • 丛书相关作品
  • 出版社相关作品

书目信息

  • 表格格式
  • 工作单格式
  • 卡片格式
题名:
欧米茄集萃
    
 
作者: 缪茨里茨 著 ;阮晓毅 译
分册:  
出版信息: 北京   北京美术摄影出版社  2015
页数: 95页
开本: 24cm
丛书名:
单 册:
中图分类: TH714.52 , TH7
科图分类:
主题词: 手表--Shou Biao--介绍--瑞士 , 仪器 , 仪表 , 仪表装置
电子资源:
ISBN: 978-7-80501-747-1
000 01252nam0 2200301 450
001 1663270578
005 20150608092034.4
010    @a978-7-80501-747-1@b精装@dCNY59.00
100    @a20150608d2015 em y0chiy0120 ea
101 1  @achi@cger
102    @aCN@b110000
105    @aa z 000yy
106    @ar
200 1  @a欧米茄集萃@AOu Mi Qie Ji Cui@f(德) 海宁·缪茨里茨著@g阮晓毅译
210    @a北京@c北京美术摄影出版社@d2015
215    @a95页@c彩图@d24cm
330    @a在本书中,我们将为大家简要介绍欧米茄能在今天取得如此巨大成就的原因。在阐述欧米茄品牌历史的同时,我们还将选择大约100款欧米茄腕表——它们是各个时期中欧米茄产品中最负盛名的款式——为您做详细介绍。在我们所选的腕表中,不但包括上个世纪初在计时竞赛中获胜的精品腕表,您还将看到带有传奇色彩的登月系列和最新的同轴擒纵系列腕表,而后者则被看成是未来欧米茄品牌的奠基石。此外,本书还将为大家展示一些出自瑞士贝尔市的欧米茄品牌的最奢华、最炫目的腕表。
333    @a大众读者。
606 0  @a手表@AShou Biao@x介绍@y瑞士
606 0  @a仪器
606 0  @a仪表
606 0  @a仪表装置
690    @aTH714.52@v5
690    @aTH7@v4
701  1 @a缪茨里茨@AMiu Ci Li Ci@g(Mutzlitz, Henning)@4著
702  0 @a阮晓毅@ARuan Xiao Yi@4译
801  0 @aCN@b江苏新华@c20150511
905    @aBZT@dTH7@e3
    
    欧米茄集萃/(德) 海宁·缪茨里茨著/阮晓毅译.-北京:北京美术摄影出版社,2015
    95页:彩图;24cm
    使用对象:大众读者。
    
    ISBN 978-7-80501-747-1(精装):CNY59.00
    在本书中,我们将为大家简要介绍欧米茄能在今天取得如此巨大成就的原因。在阐述欧米茄品牌历史的同时,我们还将选择大约100款欧米茄腕表——它们是各个时期中欧米茄产品中最负盛名的款式——为您做详细介绍。在我们所选的腕表中,不但包括上个世纪初在计时竞赛中获胜的精品腕表,您还将看到带有传奇色彩的登月系列和最新的同轴擒纵系列腕表,而后者则被看成是未来欧米茄品牌的奠基石。此外,本书还将为大家展示一些出自瑞士贝尔市的欧米茄品牌的最奢华、最炫目的腕表。
●
相关链接 在五车中查询图书 在当当中查询图书 在豆瓣中查询图书


正题名:欧米茄集萃     索取号:TH7/3         预约/预借

序号 登录号 条形码 馆藏地/架位号 状态 备注
1 797611   2000797611   第二书库/ [索取号:TH7/3] 在馆    
2 797612   2000797612   第二书库/ [索取号:TH7/3] 在馆    
3 797613   2000797613   第二书库/ [索取号:TH7/3] 在馆    
山东省滨州职业学院图书馆 欢迎您!
大连网信软件有限公司© 版权所有